000 00383 a2200109 4500
001 ART_41540
005 20260410162023.0
008 260409a
245 1 0 _aPanorama global de la emergencia en perspectiva constitucional
100 1 _aBidart Campos, German J.
773 0 _tRevista Iberoamericana de derecho constitucional
_g- Año I, Nº 1 (nov. 2003)
_wREV41515
999 _c33280
_d33280